Bel/Palmyra : hommage /

محفوظ في:

المؤلف الرئيسي: Hammad, Manar (مؤلف)

مؤلفون آخرون: Fabbri ,Paolo.

التنسيق: كتاب

اللغة: French
Italian

منشور في: Paris : Geuthner, [2016].

الموضوعات:

الوسوم: إضافة وسم

لا توجد وسوم, كن أول من يضع وسما على هذه التسجيلة!

رقم الطلب: DS99 .P17 H36 2016

LEADER 00863namaa2200277 4500
003 OSt
005 20260219090716.0
008 130303t20162016fr ae b 000 0 fre d
020 |a 9782705339463 
040 |c ARCE Library 
041 0 |a fre  |a ita 
043 |a a-sy--- 
050 4 |a DS99 .P17 H36 2016 
100 1 |a Hammad, Manar,  |e author 
245 1 0 |a Bel/Palmyra :   |b hommage /  |c Manar Hammad, texte ; Paolo Fabbri, prefazione. 
264 1 |a Paris :   |b Geuthner,   |c [2016]. 
264 4 |c ©2016. 
300 |a xxxii, 181 pages :  |b illustrations (chiefly color), plans ;  |c 28 cm. 
504 |a Includes bibliographical references. 
546 |a Text in French and Italian. 
650 0 |a Architecture   |z Syria   |z Tadmur   |x History. 
651 0 |a Tadmur (Syria)  |x Antiquities. 
700 1 |a Fabbri ,Paolo.  |9 29733 
901 |a reviewed 
942 |c BK  |2 lcc 
999 |c 1433  |d 1433